| 000 | 00899cam a22002174a 4500 | ||
|---|---|---|---|
| 003 | OSt | ||
| 005 | 20260601172803.0 | ||
| 008 | 081021s2009 enka b 001 0 eng | ||
| 020 | _a9780198703006 (pbk.) | ||
| 082 | 0 | 0 | _a821.3 HAD |
| 100 | _aHadfield, Andrew | ||
| 245 | 0 | 0 |
_aEdmund Spenser : _ba life / _cHadfield Andrew. |
| 260 |
_aOxford : _bOxford University Press, _c2014. |
||
| 300 |
_axxi, 624 p. : _bill. ; _c24 cm. |
||
| 365 | _bRS. 1409.00 | ||
| 505 | _aIntroduction: Writing the Life ; 1. Origins and Childhood ; 2. Spenser goes to College ; 3. Lost Years ; 4. Annus Mirabilis ; 5. To Ireland I ; 6. Spenser's Castle ; 7. Back to England ; 8. 1591 ; 9. More Lost Years and Second Marriage (1592-5) ; 10. Return to London, 1596-7 ; 11. Last Years, 1597-9. | ||
| 650 | _aLife | ||
| 650 | _aOrigins -- childhood | ||
| 650 | _aSpenser's castle. | ||
| 942 |
_2ddc _cBK |
||
| 999 |
_c115008 _d115008 |
||